000 01007nam a2200265 i 4500
003 DO-SdBNP
005 20250808073221.0
007 ta
008 220824e200? dr ad||gr|||| 001 edspa d
040 _aDO-SdBNP
_bspa
_cBNPHU
_erda
082 4 _axxx
_bA657d
_222
100 1 _aAquino Rodríguez, José Angel,
_eautor
_4aut.
_912222
245 1 3 _aLos desafíos en la participación política de las mujeres /
_cJosé Angel Aquino Rodríguez ; Editor, Nurys Paulino
264 1 _aSanto Domingo :
_bSecretaría de Estado de la Mujer;
_bJCE,
_c200-?.
300 _a58 páginas :
_bilustraciones, gráficos ;
_c25 cm.
336 _atexto
_btxt
_2rdacontent
337 _asin mediación
_bn
_2rdamedia
338 _avolumen
_bnc
_2rdacarrier
500 _aIncluye datos biográficos del autor en la contracubierta.
504 _aBibliografía : páginas 55 - 56
590 _aInventariado 2022 / MF
650 4 _981439
_aMujeres
_xActividad política
_zRepública Dominicana
910 _aMFeliz
942 _2ddc
_cLBS1
999 _c52318
_d52318